| 000 | 01490cam a2200313 a 4500 | ||
|---|---|---|---|
| 001 | 15270555 | ||
| 005 | 20100112100828.0 | ||
| 008 | 080421s2009 enka | b 001 0 eng d | ||
| 010 | _a 2008018133 | ||
| 020 | _a9780130326812 (alk. paper) | ||
| 035 | _a(OCoLC)ocn226304746 | ||
| 040 |
_aDLC _cDLC _dBAKER _dBTCTA _dYDXCP _dOCLCG _dBWKUK _dBWK _dDLC |
||
| 050 | 0 | 0 |
_aTK5103.59 _b.S46 2009 |
| 082 | 0 | 0 |
_a621.38275 _222 _bSEN |
| 100 | 1 |
_aSenior, John M., _d1951- _912869 |
|
| 245 | 1 | 0 |
_aOptical Fiber Communications : _bPrinciples and Practice / _cJohn M. Senior ; Assisted by M. Yousif Jamro. |
| 250 | _a3rd ed. | ||
| 260 |
_aHarlow, England : _bFinancial Times/Prentice Hall, _cc2009. |
||
| 300 |
_al, 1075 p. : _bill. ; _c24 cm. |
||
| 504 | _aIncludes bibliographical references and index. | ||
| 650 | 0 |
_aOptical communications. _912870 |
|
| 650 | 0 |
_aFiber optics. _912871 |
|
| 700 | 1 |
_aJamro, M. Yousif. _912872 |
|
| 856 | 4 | 1 |
_3Table of contents only _uhttp://www.loc.gov/catdir/toc/ecip0816/2008018133.html |
| 942 |
_2ddc _cBB |
||
| 999 |
_c13726 _d13726 |
||